000 01048nam a2200289Ia 4500
003 OSt
005 20220918171405.0
006 a|||||r|||| 00| 0
007 ta
008 220917b |||||||| |||| 00| 0 eng d
020 _a9781606236703 (pbk)
_c1576.40
024 _a244,795
037 _b9822, 03/01/2011, Elite Publishers Distributors
_cTextual
040 _aARTS
_cARTS
_beng
041 _2eng
_aeng
082 _aS1-6:86, Q0
100 _aSansosti Frank J.
_936284
245 0 _aHigh - functioning autism/ asperger syndrome in schools
_b Assessment and intervention
260 _aNew York
_bThe Guilford Press U.S.A
_c2010
300 _axiv, 257p.
_ccm.
490 _aThe guilfrod practical intervention in the schools series
650 _aPSYCHOLOGY
700 _a Cowan Richard J.
_936285
700 _a Powell - Smith Kelly A.
_936286
942 _hS1-6:86, Q0
_cTEXL
_2CC
999 _c139353
_d139353